[Event "448. Wednesday (05.08.2020)"]
[Site "Official B"]
[Date "2020.08.05"]
[Round "3"]
[White "Legenda56"]
[Black "Klausen"]
[Result "1/2-1/2"]
[WhiteElo "1837"]
[BlackElo "1984"]
[Annotator "NA RC"]
[PlyCount "124"]
[EventDate "2020.08.05"]
[EventType "swiss (blitz)"]

1. d4 {[%emt 0:00:03]} e6 {[%emt 0:00:02]} 2. c4 {[%emt 0:00:01]} Bb4+ {[%emt 0:00:02]} 3. Nd2 {[%emt 0:00:04]} d5 {[%emt 0:00:02]} 4. e3 {[%emt 0:00:04]} Nf6 {[%emt 0:00:02]} 5. Ngf3 {[%emt 0:00:02]} O-O {[%emt 0:00:02]} 6. a3 {[%emt 0:00:01]} Be7 {[%emt 0:00:04]} 7. Be2 {[%emt 0:00:07]} b6 {[%emt 0:00:02]} 8. cxd5 {[%emt 0:00:02]} Nxd5 {[%emt 0:00:03]} 9. O-O {[%emt 0:00:06]} Bb7 {[%emt 0:00:02]} 10. Nc4 {[%emt 0:00:02]} c5 {[%emt 0:00:03]} 11. e4 {[%emt 0:00:07]} Nf6 {[%emt 0:00:05]} 12. e5 {[%emt 0:00:02]} Nd5 {[%emt 0:00:01]} 13. dxc5 {[%emt 0:00:10]} Bxc5 {[%emt 0:00:02]} 14. Bg5 {[%emt 0:00:12]} Be7 {[%emt 0:00:11]} 15. Bxe7 {[%emt 0:00:02]} Qxe7 {[%emt 0:00:02]} 16. Nd6 {[%emt 0:00:01]} Ba6 {[%emt 0:00:11]} 17. Bxa6 {[%emt 0:00:07]} Nxa6 {[%emt 0:00:02]} 18. b4 {[%emt 0:00:01]} Nac7 {[%emt 0:00:08]} 19. Rc1 {[%emt 0:00:03]} Ne8 {[%emt 0:00:12]} 20. Ne4 {[%emt 0:00:08]} Nec7 {[%emt 0:00:16]} 21. Nd4 {[%emt 0:00:04]} Qd7 {[%emt 0:00:07]} 22. Nc6 {[%emt 0:00:13] Klausen reconnected.} a5 {[%emt 0:00:13]} 23. Qg4 {[%emt 0:00:11]} Kh8 {[%emt 0:00:07]} 24. Rfd1 {[%emt 0:00:04]} axb4 {[%emt 0:00:06]} 25. axb4 {[%emt 0:00:02]} Nb5 {[%emt 0:00:19]} 26. Qh3 {[%emt 0:00:31]} Rac8 {[%emt 0:00:23]} 27. Ng5 {[%emt 0:00:02]} h6 {[%emt 0:00:03]} 28. Qd3 {[%emt 0:00:12]} hxg5 {[%emt 0:00:10]} 29. Qxb5 {[%emt 0:00:01]} Rc7 {[%emt 0:00:07]} 30. Nd4 {[%emt 0:00:03]} Rd8 {[%emt 0:00:19]} 31. Qxd7 {[%emt 0:00:05]} Rdxd7 {[%emt 0:00:04]} 32. Rxc7 {[%emt 0:00:03]} Rxc7 {[%emt 0:00:02]} 33. b5 {[%emt 0:00:08]} Nc3 {[%emt 0:00:10]} 34. Re1 {[%emt 0:00:22]} Rd7 {[%emt 0:00:08]} 35. Nf3 {[%emt 0:00:08]} Nxb5 {[%emt 0:00:12]} 36. Nxg5 {[%emt 0:00:02]} Nd4 {[%emt 0:00:01]} 37. f4 {[%emt 0:00:05]} b5 {[%emt 0:00:03]} 38. Kf2 {[%emt 0:00:02]} b4 {[%emt 0:00:02]} 39. Rb1 {[%emt 0:00:08]} Rb7 {[%emt 0:00:02]} 40. Ke3 {[%emt 0:00:06]} Nf5+ {[%emt 0:00:04]} 41. Kd3 {[%emt 0:00:04]} Kg8 {[%emt 0:00:01]} 42. g4 {[%emt 0:00:09]} Ne7 {[%emt 0:00:03]} 43. Ne4 {[%emt 0:00:04]} Nd5 {[%emt 0:00:02]} 44. f5 {[%emt 0:00:02]} Rc7 {[%emt 0:00:07]} 45. fxe6 {[%emt 0:00:03]} fxe6 {[%emt 0:00:01]} 46. Kd4 {[%emt 0:00:02]} Rc2 {[%emt 0:00:05]} 47. Nc5 {[%emt 0:00:07]} Nc7 {[%emt 0:00:03]} 48. Rxb4 {[%emt 0:00:05]} Rxh2 {[%emt 0:00:02]} 49. Rb7 {[%emt 0:00:06]} Nd5 {[%emt 0:00:01]} 50. Nxe6 {[%emt 0:00:01]} Rd2+ {[%emt 0:00:02]} 51. Ke4 {[%emt 0:00:04]} Nc3+ {[%emt 0:00:01]} 52. Kf5 {[%emt 0:00:01]} Rf2+ {[%emt 0:00:01]} 53. Kg6 {[%emt 0:00:03]} Rf8 {[%emt 0:00:05]} 54. Nxf8 {[%emt 0:00:02]} Kxf8 {[%emt 0:00:01]} 55. Rxg7 {[%emt 0:00:01]} Ne4 {[%emt 0:00:00]} 56. Rc7 {[%emt 0:00:01]} Ng3 {[%emt 0:00:03]} 57. e6 {[%emt 0:00:01]} Ne4 {[%emt 0:00:01]} 58. Kf5 {[%emt 0:00:02]} Nd6+ {[%emt 0:00:01]} 59. Ke5 {[%emt 0:00:01]} Nc4+ {[%emt 0:00:01]} 60. Rxc4 {[%emt 0:00:02]} Ke7 {[%emt 0:00:00]} 61. g5 {[%emt 0:00:02]} Ke8 {[%emt 0:00:00]} 62. g6 {[%emt 0:00:00]} Kf8 {[%emt 0:00:00] Zeit (Lag: Av=4.45s, max=237.3s)} 1/2-1/2

[Event "448. Wednesday (05.08.2020)"]
[Site "Official B"]
[Date "2020.08.05"]
[Round "3"]
[White "Smart-arse"]
[Black "Cucufato"]
[Result "1-0"]
[WhiteElo "1824"]
[BlackElo "1912"]
[Annotator "TA"]
[PlyCount "71"]
[EventDate "2020.08.05"]
[EventType "swiss (blitz)"]

{[%evp 11,71,18,13,1,22,9,19,18,46,39,53,58,62,14,13,16,24,16,24,1,4,3,5,7,16,0,0,0,0,-3,0,-5,-3,-30,-6,-75,0,-4,14,-87,0,0,102,94,114,73,116,117,130,127,311,284,267,283,272,262,245,196,248,-429,473,-435]} 1. e4 c6 2. d4 d5 3. e5 Bf5 4. Nf3 e6 5. Be2 c5 6. c3 Nc6 7. Be3 {B12: Caro-Kann: Advance Variation.} cxd4 8. Nxd4 Nge7 9. f4 {[#] The position is equal.} Be4 $146 ({Predecessor:} 9... g5 10. fxg5 Bg7 11. Nd2 Nxe5 12. Bb5+ N5c6 13. O-O O-O 14. Nxf5 Nxf5 15. Bc5 Qxg5 {0-1 (36) Caruana,F (2598)-Motylev,A (2644) Moscow 2008}) 10. O-O Nf5 11. Nxf5 Bxf5 12. Bd3 (12. g4 $5 {[%cal Rg4f5]} Bxb1 13. Rxb1 $16 (13. Qxb1 Be7 $16)) 12... Bxd3 13. Qxd3 Be7 14. Nd2 Rc8 15. a4 O-O 16. Nb3 Na5 17. Nxa5 Qxa5 18. f5 exf5 19. Qxf5 Bc5 20. Bxc5 Qxc5+ 21. Kh1 Qb6 22. Rf2 Rce8 23. Rd1 (23. Rd2 $11 {keeps the balance.}) 23... Qc6 ({Black should try} 23... g6 $17 24. a5 Qc7) 24. a5 Re6 25. Rd4 (25. Rfd2 $11) 25... Qd7 ({Black should play} 25... g6 $17 26. Qf4 f6) 26. h3 Qe7 (26... g6 $11 {remains equal.} 27. Qg4 Rfe8) 27. Rxd5 $16 f6 28. Rfd2 {And now Rd7 would win.} fxe5 29. Qg4 Qf6 30. Rd7 $36 {[%mdl 2048] Threatens to win with Rf2! White is in control.} Qf1+ $2 (30... h5 $16 {was worth a try.} 31. Qxh5 Qf1+ 32. Kh2 Qf4+ 33. g3 Qf1) 31. Kh2 $18 {[%csl Gd7][%cal Rg4g7]} Rg6 32. Qe4 {[%mdl 64] Double Attack} Qf6 33. Rxb7 Qg5 34. Rd3 h6 (34... h5 $142 35. h4 (35. Rxa7 $2 Rf2 $19) 35... Qf4+ 36. Qxf4 Rxf4 37. Rxa7 Rxh4+ 38. Kg1 Ra4) 35. Rxa7 $4 {[%mdl 8192] [#]} (35. h4 $18 Qf4+ 36. Qxf4 Rxf4 37. Rxa7) 35... Kh8 $4 {[%mdl 8192]} (35... Rf2 $1 $19 {[%cal Rf2g2] and life is good for Black.} 36. Rd8+ {[#]} Kh7 $1 {[%mdl 512]} 37. Rxg7+ (37. Rd1 $2 {leads to mate.} Rxg2+ 38. Kh1 Rg1+ {[%mdl 64] Back Rank} 39. Rxg1 Qxg1#) 37... Kxg7 38. Qb7+ Rf7) 36. Rf7 $4 {[%mdl 40960] Accuracy: White = 59%, Black = 63%. . Loss on time!?} (36. h4 $18 Qh5 37. Rf3) 1-0

[Event "448. Wednesday (05.08.2020)"]
[Site "Official B"]
[Date "2020.08.05"]
[Round "3"]
[White "Sonek"]
[Black "AmberKnight"]
[Result "1-0"]
[WhiteElo "1808"]
[BlackElo "1703"]
[Annotator "NA RC"]
[PlyCount "91"]
[EventDate "2020.08.05"]
[EventType "swiss (blitz)"]

{- Burke, Steve} 1. d4 {[%emt 0:00:03]} Nf6 {[%emt 0:00:05]} 2. c4 {[%emt 0:00:02]} c5 {[%emt 0:00:01]} 3. e3 {[%emt 0:00:03]} e6 {[%emt 0:00:02]} 4. Nc3 {[%emt 0:00:02]} d5 {[%emt 0:00:09]} 5. cxd5 {[%emt 0:00:06]} Nxd5 {[%emt 0:00:02]} 6. e4 {[%emt 0:00:06]} Nxc3 {[%emt 0:00:02]} 7. bxc3 {[%emt 0:00:01]} cxd4 {[%emt 0:00:02]} 8. cxd4 {[%emt 0:00:01]} Bb4+ {[%emt 0:00:03]} 9. Bd2 {[%emt 0:00:11]} Qa5 {[%emt 0:00:01]} 10. Nf3 {[%emt 0:00:09]} Nc6 {[%emt 0:00:09]} 11. Bc4 {[%emt 0:00:22]} Bxd2+ {[%emt 0:00:03]} 12. Qxd2 {[%emt 0:00:01]} Qxd2+ {[%emt 0:00:02]} 13. Kxd2 {[%emt 0:00:01]} O-O {[%emt 0:00:07]} 14. Rhd1 {[%emt 0:00:04]} Rd8 {[%emt 0:00:02]} 15. Ke3 {[%emt 0:00:02]} b6 {[%emt 0:00:14]} 16. Rac1 {[%emt 0:00:05]} Bb7 {[%emt 0:00:06]} 17. d5 {[%emt 0:00:12]} exd5 {[%emt 0:00:05]} 18. Bxd5 {[%emt 0:00:02]} Na5 {[%emt 0:00:07]} 19. Bxb7 {[%emt 0:00:05]} Rxd1 {[%emt 0:00:03]} 20. Rxd1 {[%emt 0:00:05]} Nxb7 {[%emt 0:00:01]} 21. Rd7 {[%emt 0:00:14]} Nc5 {[%emt 0:00:01]} 22. Rc7 {[%emt 0:00:11]} f6 {[%emt 0:00:12]} 23. Nd4 {[%emt 0:00:07]} Kf8 {[%emt 0:00:23]} 24. f3 {[%emt 0:00:03]} h5 {[%emt 0:00:26]} 25. h4 {[%emt 0:00:03]} a5 {[%emt 0:00:10]} 26. Nf5 {[%emt 0:00:08]} g6 {[%emt 0:00:07]} 27. Ne7 {[%emt 0:00:09]} g5 {[%emt 0:00:13]} 28. hxg5 {[%emt 0:00:09]} fxg5 {[%emt 0:00:01]} 29. Nd5 {[%emt 0:00:04]} Rb8 {[%emt 0:00:41]} 30. Rc6 {[%emt 0:00:11]} Na4 {[%emt 0:00:09]} 31. Rh6 {[%emt 0:00:03]} h4 {[%emt 0:00:01]} 32. Rg6 {[%emt 0:00:01]} b5 {[%emt 0:00:01]} 33. Rxg5 {[%emt 0:00:02]} b4 {[%emt 0:00:01]} 34. e5 {[%emt 0:00:08]} b3 {[%emt 0:00:10]} 35. axb3 {[%emt 0:00:02]} Rxb3+ {[%emt 0:00:02]} 36. Kf4 {[%emt 0:00:00]} Nc5 {[%emt 0:00:05]} 37. Kf5 {[%emt 0:00:08]} Kf7 {[%emt 0:00:06]} 38. Rh5 {[%emt 0:00:13]} a4 {[%emt 0:00:05]} 39. Rxh4 {[%emt 0:00:08]} a3 {[%emt 0:00:04]} 40. Rh7+ {[%emt 0:00:01]} Kf8 {[%emt 0:00:04]} 41. Kf6 {[%emt 0:00:08]} Kg8 {[%emt 0:00:01]} 42. Ra7 {[%emt 0:00:02]} a2 {[%emt 0:00:20]} 43. Rxa2 {[%emt 0:00:03]} Nd7+ {[%emt 0:00:00]} 44. Kf5 {[%emt 0:00:02]} Rb5 {[%emt 0:00:02]} 45. Ne7+ {[%emt 0:00:11]} Kf7 {[%emt 0:00:01]} 46. Ng6 {[%emt 0:00:05] Time (Lag: Av=0.55s, max=0.8s)} 1-0

[Event "448. Wednesday (05.08.2020)"]
[Site "Official B"]
[Date "2020.08.05"]
[Round "3"]
[White "Meini"]
[Black "Flaviao"]
[Result "0-1"]
[WhiteElo "1799"]
[BlackElo "1544"]
[Annotator "NA RC"]
[PlyCount "96"]
[EventDate "2020.08.05"]
[EventType "swiss (blitz)"]

1. d4 {[%emt 0:00:02]} d6 {[%emt 0:00:01]} 2. Bf4 {[%emt 0:00:02]} c6 {[%emt 0:00:01]} 3. e3 {[%emt 0:00:01]} Qc7 {[%emt 0:00:01]} 4. Nf3 {[%emt 0:00:03]} Nd7 {[%emt 0:00:01]} 5. Be2 {[%emt 0:00:03]} e5 {[%emt 0:00:01]} 6. dxe5 {[%emt 0:00:02]} Nxe5 {[%emt 0:00:01]} 7. O-O {[%emt 0:00:05]} h6 {[%emt 0:00:08]} 8. c3 {[%emt 0:00:13]} Nf6 {[%emt 0:00:08]} 9. h3 {[%emt 0:00:03]} Be7 {[%emt 0:00:03]} 10. Nbd2 {[%emt 0:00:02]} Be6 {[%emt 0:00:07]} 11. Qc2 {[%emt 0:00:04]} O-O {[%emt 0:00:06]} 12. Rad1 {[%emt 0:00:03]} b5 {[%emt 0:00:08]} 13. b3 {[%emt 0:00:03]} Nd5 {[%emt 0:00:10]} 14. Bh2 {[%emt 0:00:04]} g6 {[%emt 0:00:13]} 15. c4 {[%emt 0:00:02]} Nb4 {[%emt 0:00:10]} 16. Qb1 {[%emt 0:00:03]} Bf5 {[%emt 0:00:05]} 17. Qb2 {[%emt 0:00:08]} Bf6 {[%emt 0:00:13]} 18. Nxe5 {[%emt 0:00:04]} dxe5 {[%emt 0:00:07]} 19. cxb5 {[%emt 0:00:06]} Nd3 {[%emt 0:00:13]} 20. Qc3 {[%emt 0:00:18]} Qe7 {[%emt 0:00:12]} 21. bxc6 {[%emt 0:00:32]} Rac8 {[%emt 0:00:06]} 22. e4 {[%emt 0:00:06]} Bxh3 {[%emt 0:00:22]} 23. gxh3 {[%emt 0:00:26]} Nf4 {[%emt 0:00:03]} 24. Bxf4 {[%emt 0:00:15]} exf4 {[%emt 0:00:02]} 25. Rc1 {[%emt 0:00:04]} Bxc3 {[%emt 0:00:02]} 26. Rxc3 {[%emt 0:00:01]} Qg5+ {[%emt 0:00:02]} 27. Kh2 {[%emt 0:00:06]} Rfe8 {[%emt 0:00:14]} 28. c7 {[%emt 0:00:07]} Qe5 {[%emt 0:00:06]} 29. Rf3 {[%emt 0:00:41]} Rxc7 {[%emt 0:00:07]} 30. Bc4 {[%emt 0:00:06]} Rf8 {[%emt 0:00:09]} 31. Bd5 {[%emt 0:00:07]} Kg7 {[%emt 0:00:03]} 32. Nc4 {[%emt 0:00:02]} Qh5 {[%emt 0:00:19]} 33. Rxf4 {[%emt 0:00:04]} Rc5 {[%emt 0:00:07]} 34. Rg4 {[%emt 0:00:04]} Rxd5 {[%emt 0:00:03]} 35. exd5 {[%emt 0:00:03]} Qxd5 {[%emt 0:00:01]} 36. Rfg1 {[%emt 0:00:07]} Qd3 {[%emt 0:00:07]} 37. h4 {[%emt 0:00:04]} h5 {[%emt 0:00:08]} 38. R4g3 {[%emt 0:00:05]} Qe2 {[%emt 0:00:02]} 39. R1g2 {[%emt 0:00:05]} Qxa2 {[%emt 0:00:02]} 40. f4 {[%emt 0:00:04]} Qa1 {[%emt 0:00:03]} 41. f5 {[%emt 0:00:02]} Qd4 {[%emt 0:00:04]} 42. Kh3 {[%emt 0:00:06]} Qd7 {[%emt 0:00:11]} 43. Rg5 {[%emt 0:00:04]} Kh7 {[%emt 0:00:02]} 44. Kh2 {[%emt 0:00:04]} Qc7+ {[%emt 0:00:03]} 45. Kh3 {[%emt 0:00:01]} Qf4 {[%emt 0:00:02]} 46. fxg6+ {[%emt 0:00:02]} fxg6 {[%emt 0:00:02]} 47. Rxg6 {[%emt 0:00:01]} Qf5+ {[%emt 0:00:01]} 48. Kh2 {[%emt 0:00:01]} Qxg6 {[%emt 0:00:02] Zeit (Lag: Av=0.74s, max=1.3s)} 0-1

[Event "448. Wednesday (05.08.2020)"]
[Site "Official B"]
[Date "2020.08.05"]
[Round "3"]
[White "Halligalli1601"]
[Black "Ciberrocker"]
[Result "1-0"]
[WhiteElo "1797"]
[BlackElo "1566"]
[Annotator "NA RC"]
[PlyCount "71"]
[EventDate "2020.08.05"]
[EventType "swiss (blitz)"]

1. e4 {[%emt 0:00:04]} e5 {[%emt 0:00:01]} 2. Nf3 {[%emt 0:00:02]} Bc5 {[%emt 0:00:02]} 3. Nxe5 {[%emt 0:00:02]} Qe7 {[%emt 0:00:01]} 4. d4 {[%emt 0:00:02]} Bd6 {[%emt 0:00:01]} 5. Nc3 {[%emt 0:00:25]} Bxe5 {[%emt 0:00:02]} 6. Nd5 {[%emt 0:00:02]} Qd6 {[%emt 0:00:04]} 7. dxe5 {[%emt 0:00:02]} Qxe5 {[%emt 0:00:01]} 8. Bf4 {[%emt 0:00:02]} Qxe4+ {[%emt 0:00:03]} 9. Qe2 {[%emt 0:00:05]} Qxe2+ {[%emt 0:00:12]} 10. Bxe2 {[%emt 0:00:01]} Na6 {[%emt 0:00:07]} 11. Bxa6 {[%emt 0:00:03]} bxa6 {[%emt 0:00:01]} 12. Nxc7+ {[%emt 0:00:01]} Kd8 {[%emt 0:00:00]} 13. Nxa8 {[%emt 0:00:02]} Bb7 {[%emt 0:00:01]} 14. Nc7 {[%emt 0:00:04]} Bxg2 {[%emt 0:00:01]} 15. Rg1 {[%emt 0:00:01]} Bf3 {[%emt 0:00:01]} 16. Rxg7 {[%emt 0:00:05]} Ne7 {[%emt 0:00:04]} 17. Kd2 {[%emt 0:00:28]} Ng6 {[%emt 0:00:06]} 18. Bd6 {[%emt 0:00:07]} Bc6 {[%emt 0:00:11]} 19. Rxf7 {[%emt 0:00:07]} Nh4 {[%emt 0:00:13]} 20. Be7+ {[%emt 0:00:07]} Kxc7 {[%emt 0:00:02]} 21. Bxh4 {[%emt 0:00:01]} Rg8 {[%emt 0:00:02]} 22. Bg3+ {[%emt 0:00:03]} Kb7 {[%emt 0:00:02]} 23. Rxh7 {[%emt 0:00:01]} Rc8 {[%emt 0:00:06]} 24. c3 {[%emt 0:00:04]} Kb6 {[%emt 0:00:07]} 25. Re1 {[%emt 0:00:03]} d5 {[%emt 0:00:10]} 26. f4 {[%emt 0:00:06]} Rd8 {[%emt 0:00:05]} 27. Bf2+ {[%emt 0:00:03]} Kb5 {[%emt 0:00:01]} 28. b3 {[%emt 0:00:11]} Bd7 {[%emt 0:00:02]} 29. a4+ {[%emt 0:00:06]} Kc6 {[%emt 0:00:03]} 30. Rh6+ {[%emt 0:00:01]} Kb7 {[%emt 0:00:01]} 31. Re7 {[%emt 0:00:02]} Kc8 {[%emt 0:00:02]} 32. Rxa6 {[%emt 0:00:13]} Bf5 {[%emt 0:00:02]} 33. Raxa7 {[%emt 0:00:04]} Kb8 {[%emt 0:00:01]} 34. Bd4 {[%emt 0:00:11]} Be4 {[%emt 0:00:02]} 35. Be5+ {[%emt 0:00:02]} Kc8 {[%emt 0:00:05]} 36. Ra8# {[%emt 0:00:01] (Lag: Av=0.44s, max=1.0s)} 1-0

[Event "448. Wednesday (05.08.2020)"]
[Site "Official B"]
[Date "2020.08.05"]
[Round "3"]
[White "Martin Reiß"]
[Black "Stader Löwe"]
[Result "1-0"]
[WhiteElo "1757"]
[BlackElo "1714"]
[Annotator "NA RC"]
[PlyCount "87"]
[EventDate "2020.08.05"]
[EventType "swiss (blitz)"]

1. f3 {[%emt 0:00:01]} e5 {[%emt 0:00:02]} 2. e4 {[%emt 0:00:02]} d5 {[%emt 0:00:02]} 3. exd5 {[%emt 0:00:02]} Nf6 {[%emt 0:00:03]} 4. c4 {[%emt 0:00:04]} c6 {[%emt 0:00:01]} 5. dxc6 {[%emt 0:00:04]} Nxc6 {[%emt 0:00:00]} 6. Nc3 {[%emt 0:00:03]} Bc5 {[%emt 0:00:02]} 7. Be2 {[%emt 0:00:17]} Qd4 {[%emt 0:00:15]} 8. Nh3 {[%emt 0:00:35]} Bxh3 {[%emt 0:00:03]} 9. Rf1 {[%emt 0:00:03]} Be6 {[%emt 0:00:03]} 10. Nb5 {[%emt 0:00:01]} Qd7 {[%emt 0:00:03]} 11. b3 {[%emt 0:00:07]} a6 {[%emt 0:00:02]} 12. Nc3 {[%emt 0:00:02]} O-O-O {[%emt 0:00:05]} 13. d3 {[%emt 0:00:03]} Rhe8 {[%emt 0:00:03]} 14. Ne4 {[%emt 0:00:10]} Nxe4 {[%emt 0:00:05]} 15. fxe4 {[%emt 0:00:00]} f6 {[%emt 0:00:02]} 16. a3 {[%emt 0:00:06]} Bd4 {[%emt 0:00:02]} 17. Rb1 {[%emt 0:00:02]} Kb8 {[%emt 0:00:14]} 18. b4 {[%emt 0:00:01]} Bc3+ {[%emt 0:00:08]} 19. Kf2 {[%emt 0:00:04]} Bd4+ {[%emt 0:00:06]} 20. Ke1 {[%emt 0:00:02]} f5 {[%emt 0:00:08]} 21. Bf3 {[%emt 0:00:07]} fxe4 {[%emt 0:00:05]} 22. Bxe4 {[%emt 0:00:02]} Bc3+ {[%emt 0:00:04]} 23. Ke2 {[%emt 0:00:04]} Bg4+ {[%emt 0:00:10]} 24. Bf3 {[%emt 0:00:03]} e4 {[%emt 0:00:07]} 25. dxe4 {[%emt 0:00:12]} Rxe4+ {[%emt 0:00:03]} 26. Kf2 {[%emt 0:00:09]} Bxf3 {[%emt 0:00:16]} 27. Qxf3 {[%emt 0:00:01]} Bd4+ {[%emt 0:00:08]} 28. Kg3 {[%emt 0:00:08]} Qd6+ {[%emt 0:00:01]} 29. Kh3 {[%emt 0:00:02]} Qe6+ {[%emt 0:00:03]} 30. g4 {[%emt 0:00:04]} h5 {[%emt 0:00:02]} 31. Bf4+ {[%emt 0:00:09]} Ka8 {[%emt 0:00:07]} 32. b5 {[%emt 0:00:01]} hxg4+ {[%emt 0:00:02]} 33. Qxg4 {[%emt 0:00:04]} Rh8+ {[%emt 0:00:11]} 34. Kg3 {[%emt 0:00:02]} Qxg4+ {[%emt 0:00:02]} 35. Kxg4 {[%emt 0:00:01]} Na5 {[%emt 0:00:08]} 36. bxa6 {[%emt 0:00:04]} bxa6 {[%emt 0:00:02]} 37. Kf3 {[%emt 0:00:11]} Rhe8 {[%emt 0:00:08]} 38. Rfd1 {[%emt 0:00:09]} Be3 {[%emt 0:00:12]} 39. Bg3 {[%emt 0:00:03]} R4e7 {[%emt 0:00:05]} 40. Rd5 {[%emt 0:00:03]} Rf7+ {[%emt 0:00:06]} 41. Kg2 {[%emt 0:00:02]} Ba7 {[%emt 0:00:04]} 42. Rxa5 {[%emt 0:00:02]} Rc8 {[%emt 0:00:06]} 43. Rxa6 {[%emt 0:00:02]} Rxc4 {[%emt 0:00:07]} 44. Rb8# {[%emt 0:00:07] (Lag: Av=0.34s, max=0.6s)} 1-0

[Event "448. Wednesday (05.08.2020)"]
[Site "Official B"]
[Date "2020.08.05"]
[Round "3"]
[White "Alex29"]
[Black "Dukic"]
[Result "1-0"]
[WhiteElo "1751"]
[BlackElo "1891"]
[Annotator "NA RC"]
[PlyCount "93"]
[EventDate "2020.08.05"]
[EventType "swiss (blitz)"]

1. e4 {[%emt 0:00:11]} c6 {[%emt 0:00:04]} 2. d4 {[%emt 0:00:01]} d6 {[%emt 0:00:02]} 3. Nc3 {[%emt 0:00:01]} Nd7 {[%emt 0:00:01]} 4. Nf3 {[%emt 0:00:01]} e5 {[%emt 0:00:01]} 5. dxe5 {[%emt 0:00:01]} dxe5 {[%emt 0:00:01]} 6. Bc4 {[%emt 0:00:01]} Be7 {[%emt 0:00:02]} 7. O-O {[%emt 0:00:01]} Ngf6 {[%emt 0:00:01]} 8. Re1 {[%emt 0:00:01]} O-O {[%emt 0:00:01]} 9. Bb3 {[%emt 0:00:01]} b5 {[%emt 0:00:01]} 10. h3 {[%emt 0:00:03]} Qc7 {[%emt 0:00:03]} 11. a3 {[%emt 0:00:01]} a5 {[%emt 0:00:04]} 12. Ba2 {[%emt 0:00:02]} h6 {[%emt 0:00:10]} 13. Qe2 {[%emt 0:00:01]} Ba6 {[%emt 0:00:04]} 14. Qd1 {[%emt 0:00:04]} Rfd8 {[%emt 0:00:03]} 15. Bd2 {[%emt 0:00:01]} Nc5 {[%emt 0:00:20]} 16. Qc1 {[%emt 0:00:04]} b4 {[%emt 0:00:07]} 17. Ne2 {[%emt 0:00:06]} Ncxe4 {[%emt 0:00:04]} 18. axb4 {[%emt 0:00:07]} axb4 {[%emt 0:00:02]} 19. Bb3 {[%emt 0:00:02]} Nxd2 {[%emt 0:00:11]} 20. Nxd2 {[%emt 0:00:05]} Bc5 {[%emt 0:00:04]} 21. Ng3 {[%emt 0:00:03]} Nd5 {[%emt 0:00:25]} 22. Nde4 {[%emt 0:00:04]} Bb6 {[%emt 0:00:03]} 23. Nf5 {[%emt 0:00:02]} Nf4 {[%emt 0:00:15]} 24. Kh2 {[%emt 0:00:17]} Qd7 {[%emt 0:00:18]} 25. Nxh6+ {[%emt 0:00:02]} Kh7 {[%emt 0:00:11]} 26. Nxf7 {[%emt 0:00:05]} Qf5 {[%emt 0:00:04]} 27. Nxd8 {[%emt 0:00:08]} Bxd8 {[%emt 0:00:05]} 28. Qe3 {[%emt 0:00:05]} Be7 {[%emt 0:00:21]} 29. Ng3 {[%emt 0:00:04]} Qg5 {[%emt 0:00:12]} 30. Qe4+ {[%emt 0:00:02]} g6 {[%emt 0:00:04]} 31. Qxe5 {[%emt 0:00:06]} Qxe5 {[%emt 0:00:06]} 32. Rxe5 {[%emt 0:00:01]} Bd6 {[%emt 0:00:00]} 33. Ree1 {[%emt 0:00:03]} Bb7 {[%emt 0:00:07]} 34. Rad1 {[%emt 0:00:07]} Nd5 {[%emt 0:00:15]} 35. Re6 {[%emt 0:00:09]} Bc5 {[%emt 0:00:04]} 36. Ne4 {[%emt 0:00:09]} Bf8 {[%emt 0:00:11]} 37. Nf6+ {[%emt 0:00:09]} Kg7 {[%emt 0:00:03]} 38. Nxd5 {[%emt 0:00:02]} cxd5 {[%emt 0:00:01]} 39. Bxd5 {[%emt 0:00:02]} Rd8 {[%emt 0:00:03]} 40. Bf3 {[%emt 0:00:08]} Rxd1 {[%emt 0:00:15]} 41. Bxd1 {[%emt 0:00:02]} Bd5 {[%emt 0:00:01]} 42. Rb6 {[%emt 0:00:06]} Be4 {[%emt 0:00:15]} 43. c4 {[%emt 0:00:06]} Bc5 {[%emt 0:00:07]} 44. Re6 {[%emt 0:00:13]} Bd3 {[%emt 0:00:03]} 45. b3 {[%emt 0:00:04]} Bxf2 {[%emt 0:00:02]} 46. Rd6 {[%emt 0:00:08]} Bf5 {[%emt 0:00:03]} 47. g4 {[%emt 0:00:03] Zeit (Lag: Av=0.45s, max=0.8s)} 1-0

[Event "448. Wednesday (05.08.2020)"]
[Site "Official B"]
[Date "2020.08.05"]
[Round "3"]
[White "Reingames"]
[Black "B1b"]
[Result "0-1"]
[WhiteElo "1715"]
[BlackElo "1845"]
[Annotator "NA RC"]
[PlyCount "44"]
[EventDate "2020.08.05"]
[EventType "swiss (blitz)"]

1. e4 {[%emt 0:00:02]} c6 {[%emt 0:00:01]} 2. d4 {[%emt 0:00:02]} d5 {[%emt 0:00:01]} 3. Nc3 {[%emt 0:00:00]} dxe4 {[%emt 0:00:01]} 4. Nxe4 {[%emt 0:00:01]} Nf6 {[%emt 0:00:00]} 5. Nxf6+ {[%emt 0:00:01]} exf6 {[%emt 0:00:00]} 6. c3 {[%emt 0:00:01]} Bd6 {[%emt 0:00:01]} 7. Bd3 {[%emt 0:00:02]} O-O {[%emt 0:00:01]} 8. Ne2 {[%emt 0:00:01]} Re8 {[%emt 0:00:00]} 9. O-O {[%emt 0:00:02]} Nd7 {[%emt 0:00:02]} 10. f4 {[%emt 0:00:08]} Nf8 {[%emt 0:00:04]} 11. Ng3 {[%emt 0:00:05]} g6 {[%emt 0:00:01]} 12. Bd2 {[%emt 0:00:09]} Be6 {[%emt 0:00:04]} 13. Qc2 {[%emt 0:00:05]} f5 {[%emt 0:00:01]} 14. Rae1 {[%emt 0:00:07]} Rc8 {[%emt 0:00:02]} 15. b3 {[%emt 0:00:02]} c5 {[%emt 0:00:01]} 16. dxc5 {[%emt 0:00:11]} Bxc5+ {[%emt 0:00:00]} 17. Be3 {[%emt 0:00:05]} Qb6 {[%emt 0:00:04]} 18. Qf2 {[%emt 0:00:29]} Bxe3 {[%emt 0:00:05]} 19. Qxe3 {[%emt 0:00:03]} Qxe3+ {[%emt 0:00:02]} 20. Rxe3 {[%emt 0:00:01]} Rxc3 {[%emt 0:00:01]} 21. Rfe1 {[%emt 0:00:02]} Rd8 {[%emt 0:00:08]} 22. Bb1 {[%emt 0:00:20]} Rxe3 {[%emt 0:00:03] Reingames gibt auf (Lag: Av=0.50s, max=0.6s)} 0-1